एकता और आस्था के प्रतीक / (Record no. 62815)

MARC details
000 -LEADER
fixed length control field 00690nam a22001817a 4500
005 - DATE AND TIME OF LATEST TRANSACTION
control field 2012021500260.0
020 ## - INTERNATIONAL STANDARD BOOK NUMBER
Terms of availability 150.00
International Standard Book Number
035 ## - SYSTEM CONTROL NUMBER
System control number B-48250
037 ## - SOURCE OF ACQUISITION
Source of stock number/acquisition
Stock number dpl
082 ## - DEWEY DECIMAL CLASSIFICATION NUMBER
Classification number 230.64
100 ## - MAIN ENTRY--PERSONAL NAME
Personal name
245 1# - TITLE STATEMENT
Title एकता और आस्था के प्रतीक /
Statement of responsibility, etc
260 ## - PUBLICATION, DISTRIBUTION, ETC. (IMPRINT)
Place of publication, distribution, etc जयपुर
Name of publisher, distributor, etc मित्तल बुक एजेन्सी
Date of publication, distribution, etc 2001
270 ## - ADDRESS
Address
City
Postal code
Telephone number
300 ## - PHYSICAL DESCRIPTION
Extent 128पृ.
Dimensions 22सेमी (सजिल्द)
942 ## - ADDED ENTRY ELEMENTS (KOHA)
Institution code [OBSOLETE] dpl
Item type Hindi Books
Call number prefix
Source of classification or shelving scheme Dewey Decimal Classification
Classification part 230.64
Call number suffix एकता
Holdings
Withdrawn status Lost status Not for loan Collection code Home library Current library Date acquired Cost, normal purchase price Full call number Barcode Cost, replacement price Koha item type
      Non-fiction Sarojini Nagar Sarojini Nagar 15/02/2012 150.00 230.64 एकता B-48250 150.00 Hindi Books

© Delhi Public Library
Hit Counter
free hit counter